Score 0/24 Timer 04:00
0 Plays Today
Title (Year) Answer % Correct
E.T. the ___-Terrestrial (1982)Extra
98.5%
The ___ Purple (1985)Color
97.2%
The ___ Mile (1999)Green
97%
Dead ___ Society (1989)Poets
96.4%
Dead Man ___ (1995)Walking
95%
Fried Green ___ (1991)Tomatoes
94.3%
___ Rwanda (2004)Hotel
92.3%
___ Magnolias (1989)Steel
92.1%
Letters from Iwo ___ (2006)Jima
90.2%
The Bridges of ___ County (1995)Madison
88.8%
___ Story (1970)Love
87.4%
Dancer in the ___ (2000)Dark
87.3%
Title (Year) Answer % Correct
A Walk to ___ (2002)Remember
82.1%
Old ___ (1957)Yeller
81.5%
Life Is ___ (1997)Beautiful
81.4%
Doctor ___ (1965)Zhivago
77.5%
___ People (1980)Ordinary
76%
My Sister's ___ (2009)Keeper
73.1%
An ___ to Remember (1957)Affair
72%
Finding ____ (2004)Neverland
55.3%
____ 93 (2006)United
40.5%
Blue ___ (2010)Valentine
27.9%
Grave of the ___ (1988)Fireflies
23.5%
___ of Life (1959)Imitation
23.3%

Today's Daily Dose

You're not logged in!

Compare scores with friends on all Sporcle quizzes.
OR
Log In

Sporcle TV

Today on Sporcle TV


Watch our educational content, quiz creation guides, and fun videos on Sporcle TV.

Show Comments

Extras

Top Quizzes Today


Score Distribution

Your Account Isn't Verified!

In order to create a playlist on Sporcle, you need to verify the email address you used during registration. Go to your Sporcle Settings to finish the process.

Report this User

Report this user for behavior that violates our Community Guidelines.

Details: